Loading...
| Literature - European | 0 | 7 | 1 | 4 | 65 | 117 | 135.14 | 0 | 4 | 9.20 | 22.22 |
| Mythology | 0 | 6 | 0 | 1 | 60 | 36 | 97.00 | 0 | 4 | 4.15 | 6.06 |
| Fine Arts - Classical Music | 0 | 6 | 2 | 0 | 50 | 22 | 70.00 | 4 | 6 | 39.23 | 65.53 |
| Philosophy | 0 | 5 | 0 | 1 | 50 | 78 | 101.20 | 2 | 4 | 9.39 | 19.05 |
| Literature - British | 0 | 5 | 1 | 2 | 45 | 72 | 122.20 | 0 | 4 | 7.76 | 15.15 |
| History - American | 0 | 4 | 0 | 1 | 40 | 13 | 91.00 | 0 | 4 | 20.33 | 28.48 |
| Fine Arts - Painting and Sculpture | 0 | 3 | 0 | 0 | 30 | 78 | 86.33 | 0 | 3 | 0.00 | 0.00 |
| Fine Arts - Other | 0 | 3 | 0 | 0 | 30 | 66 | 81.33 | 1 | 3 | 1.42 | 2.02 |
| Social Science | 0 | 3 | 1 | 1 | 25 | 65 | 85.00 | 0 | 3 | 0.00 | 0.00 |
| Literature - American | 0 | 2 | 0 | 0 | 20 | 35 | 83.00 | 0 | 2 | 5.25 | 12.15 |
| Science - Chemistry | 0 | 2 | 0 | 2 | 20 | 122 | 124.50 | 0 | 2 | 0.00 | 0.00 |
| Literature - World | 0 | 2 | 1 | 1 | 15 | 128 | 135.00 | 0 | 1 | 10.64 | 27.78 |
| History - European | 0 | 2 | 1 | 0 | 15 | 62 | 83.50 | 1 | 2 | 3.80 | 5.05 |
| History - Other | 0 | 2 | 1 | 1 | 15 | 81 | 95.50 | 1 | 2 | 3.50 | 9.09 |
| Science - Biology | 0 | 2 | 1 | 1 | 15 | 94 | 104.50 | 1 | 2 | 2.44 | 5.05 |
| Current Events | 0 | 1 | 0 | 0 | 10 | 79 | 79.00 | 1 | 1 | 0.00 | 0.00 |
| Religion | 0 | 1 | 0 | 1 | 10 | 115 | 115.00 | 0 | 0 | 0.00 | 1.01 |
| History - World | 0 | 1 | 0 | 0 | 10 | 104 | 104.00 | 0 | 0 | 8.59 | 6.87 |
| Popular Culture | 0 | 1 | 0 | 0 | 10 | 66 | 66.00 | 0 | 1 | 0.00 | 0.00 |
| Science - Other | 0 | 0 | 0 | 0 | 0 | 0.00 | 0 | 0 | 0.00 | 0.00 | |
| Other Academic | 0 | 0 | 0 | 0 | 0 | 0.00 | 0 | 0 | 0.00 | 0.00 | |
| Science - Physics | 0 | 0 | 1 | 0 | -5 | 0.00 | 0 | 0 | 0.00 | 0.00 |